Vida del pueblo norteamericano

محفوظ في:
التفاصيل البيبلوغرافية
المؤلفون الرئيسيون: Faulkner, Harold Underwood (مؤلف), Kepnre, Tyler (مؤلف), Berlett, Hall (مؤلف)
التنسيق: كتاب
اللغة:الإسبانية
منشور في: Ciudad de México Fondo de Cultura Económica 1941
الطبعة:1a. ed
سلاسل:Colección de Obras Históricas. Historias Nacionales, 2
الموضوعات:
الوسوم: إضافة وسم
لا توجد وسوم, كن أول من يضع وسما على هذه التسجيلة!

MARC

LEADER 00000nam a2200000 a 4500
001 UCO1086
003 CL-VaPUC
008 000505e19410000MX |||||||||||||||||spa|d
082 0 4 |a 973.08  |b FAU  |2 21 
100 0 |a Faulkner, Harold Underwood  |e author  |9 442890 
700 0 |a Kepnre, Tyler  |e author  |9 442891 
700 0 |a Berlett, Hall  |e author  |9 442892 
245 1 0 |a Vida del pueblo norteamericano 
250 |a 1a. ed 
300 |a 405 p 
942 |c BK 
945 |d 20000505 00:00:00  |a crobeson 
260 |a Ciudad de México  |b Fondo de Cultura Económica  |c 1941 
600 0 |a Jefferson, Thomas  |d 1743-1826  |9 719853 
600 0 7 |a WASHIGNTON, GEORGE  |2 CL-VaPUC  |9 442893 
600 0 |a Lincoln, Abraham,  |d 1809-1865  |9 321765 
600 0 7 |a FORD, HENRY  |2 CL-VaPUC  |9 442894 
650 7 |a HISTORIA ESTADOUNIDENSE  |2 CL-VaPUC  |9 350346 
650 0 |a Costumbres y tradiciones   |9 268292 
650 0 |a Migración   |9 331531 
650 0 |a Recursos naturales  |9 255232 
650 7 |a PRESIDENTES DE ESTADOS UNIDOS  |2 CL-VaPUC  |9 442895 
650 0 |a Iconografía   |9 267998 
650 0 |a Desarrollo económico y social   |9 256320 
650 0 |a Desarrollo cultural  |9 267526 
650 0 |a Aspectos sociales  |9 254894 
651 0 |a Estados Unidos  |9 255178 
583 |a last modification  |c 20000505 00:00:00  |k Rodrigo Vera 
490 0 |a Colección de Obras Históricas. Historias Nacionales, 2 
999 |c 287719  |d 287717 
952 |0 0  |1 0  |4 0  |6 973_080000000000000_FAU_1941  |7 0  |8 X  |9 334684  |a BIBHIS  |b BIBHIS  |d 2019-11-20  |i 1273655  |o 973.08 FAU 1941  |p 1273655  |r 2024-01-30  |w 2019-11-20  |y BK_X  |k HIS 
952 |0 0  |1 0  |4 0  |6 973_080000000000000_FAU_1941  |7 0  |8 X  |9 334685  |a FDOBUD  |b FDOBUD  |d 2019-11-20  |i 1052993  |o 973.08 FAU 1941  |p 1052993  |r 2019-11-20  |w 2019-11-20  |y BK_X  |k BUD